[Event "2nd VAM op"]
[Site "Hoogeveen NED"]
[Date "1998.10.24"]
[Round "9.10"]
[White "Gofshtein, Leonid D"]
[Black "Gausel, Einar"]
[Result "0-1"]
[WhiteElo "2500"]
[BlackElo "2540"]
[EventDate "1998.10.16"]
[PlyCount "104"]

1.d4 d5 2.c4 c6 3.Nf3 Nf6 4.Nc3 dxc4 5.a4 Bf5 6.Ne5 Nbd7 7.Nxc4 Qc7 8.Qd2 
e6 9.f3 Bb4 10.e4 Bg6 11.Qf4 e5 12.dxe5 Nh5 13.Qh4 Nxe5 14.Bd2 Nxc4 15.
Bxc4 O-O 16.O-O Qb6+ 17.Rf2 Bc5 18.b3 Rfe8 19.Rf1 Nf6 20.Bg5 Nd7 21.f4 
Bxe4 22.f5 Bxf2+ 23.Rxf2 Bd5 24.Nxd5 cxd5 25.Bf1 h6 26.Bd2 Nf6 27.a5 Qd6 
28.Bb4 Qe5 29.Rf3 Qe4 30.Rf4 Qe3+ 31.Qf2 Qxf2+ 32.Kxf2 Re4 33.Rxe4 dxe4 
34.Bc5 a6 35.Bc4 Re8 36.Bd4 Ng4+ 37.Ke2 Ne5 38.g4 Nxc4 39.bxc4 f6 40.Ke3 
Kf7 41.h4 Re7 42.Kf4 Ke8 43.Be3 Kf7 44.Bd4 Rc7 45.c5 Re7 46.Be3 Ke8 47.g5 
hxg5+ 48.hxg5 fxg5+ 49.Kxg5 Kf7 50.Kf4 g6 51.fxg6+ Kxg6 52.Bd2 Kf7 0-1

[Event "2nd VAM op"]
[Site "Hoogeveen NED"]
[Date "1998.10.24"]
[Round "9.13"]
[White "Porrasmaa, Timo"]
[Black "Hofman, Ron"]
[Result "1/2-1/2"]
[WhiteElo "2095"]
[BlackElo "2195"]
[EventDate "1998.10.16"]
[PlyCount "81"]

1.d4 d5 2.c4 e6 3.Nc3 c5 4.e3 Nf6 5.Nf3 Nc6 6.a3 a6 7.Ne5 Bd6 8.Qa4 Bd7 9.
Nxd7 Qxd7 10.cxd5 exd5 11.Nb5 Be7 12.dxc5 Bxc5 13.b4 Bb6 14.Bb2 O-O 15.Nd4
Bxd4 16.Bxd4 Nxd4 17.Qxd7 Nxd7 18.exd4 Rfe8+ 19.Kd2 Re4 20.Kd3 Rc8 21.f3 
Re6 22.g3 Rce8 23.Kd2 Re3 24.Bd3 Rxf3 25.Rhf1 Rxf1 26.Rxf1 Rc8 27.b5 a5 
28.Bf5 Rc7 29.Bxd7 Rxd7 30.Rc1 Kf8 31.b6 Ke7 32.Rc5 Kd6 33.a4 f5 34.Rxa5 
g5 35.Rb5 Rd8 36.Rc5 Ra8 37.a5 h5 38.Ke3 Re8+ 39.Kf2 Ra8 40.Kf3 Re8 41.Rc1
1/2-1/2

[Event "2nd VAM op"]
[Site "Hoogeveen NED"]
[Date "1998.10.24"]
[Round "9.14"]
[White "Bosch, Jeroen"]
[Black "Golod, Vitali"]
[Result "1/2-1/2"]
[WhiteElo "2480"]
[BlackElo "2555"]
[EventDate "1998.10.16"]
[PlyCount "88"]

1.e4 c5 2.Nf3 d6 3.d4 cxd4 4.Nxd4 Nf6 5.Nc3 e6 6.Bc4 a6 7.O-O Be7 8.Bb3 
O-O 9.f4 b5 10.e5 dxe5 11.fxe5 Nfd7 12.Be3 Bb7 13.Rxf7 Rxf7 14.Nxe6 Qc8 
15.Nd5 Kh8 16.Qh5 g6 17.Nxe7 Rxe7 18.Qh4 Nc6 19.Rf1 Qe8 20.Nc7 Qb8 21.Nxa8
Qxe5 22.Bg5 Rg7 23.Qf2 h5 24.Bf4 Qf6 25.Nc7 Nd4 26.Be3 Qxf2+ 27.Rxf2 Nxb3 
28.axb3 Re7 29.Bd4+ Kg8 30.c4 Ne5 31.Bxe5 Rxe5 32.Rd2 bxc4 33.bxc4 Kf7 34.
b4 Ke7 35.Kf2 Re4 36.Nd5+ Bxd5 37.Rxd5 Rxc4 38.Ra5 Rc6 39.b5 Rc2+ 40.Kf1 
axb5 41.Rxb5 h4 42.Ra5 Kf6 43.Kg1 g5 44.h3 Re2 1/2-1/2

[Event "2nd VAM op"]
[Site "Hoogeveen NED"]
[Date "1998.10.24"]
[Round "9.15"]
[White "Dgebuadze, Alexandre"]
[Black "Ernst, Sipke"]
[Result "1/2-1/2"]
[WhiteElo "2505"]
[BlackElo "2420"]
[EventDate "1998.10.16"]
[PlyCount "114"]

1.e4 e5 2.Nf3 Nc6 3.Bb5 a6 4.Ba4 Nf6 5.d3 b5 6.Bb3 Be7 7.O-O O-O 8.Re1 d6 
9.c3 Na5 10.Bc2 c5 11.Nbd2 Qc7 12.Nf1 Be6 13.Ne3 Nc6 14.Bb3 Rad8 15.Ng5 
Bc8 16.Qf3 h6 17.Nh3 Be6 18.g4 Qd7 19.Bd5 Nh7 20.Kh1 Bf6 21.Rg1 Ne7 22.c4 
Kh8 23.Nf5 Bxd5 24.cxd5 Nxf5 25.gxf5 c4 26.dxc4 bxc4 27.Bd2 Rb8 28.Bc3 
Rfc8 29.Qg4 Rg8 30.Qh5 Bd8 31.f4 Bf6 32.fxe5 Bxe5 33.Bxe5 dxe5 34.Rg2 Rb6 
35.Rag1 Qe7 36.Nf2 Rxb2 37.Qxh6 Qf6 38.Qc1 Rxa2 39.Ng4 Rxg2 40.Nxf6 Rxg1+ 
41.Qxg1 Nxf6 42.Qc5 Rb8 43.Qxc4 Rb1+ 44.Kg2 Rd1 45.Qxa6 Nxe4 46.Qb7 Kh7 
47.Qxf7 Rd2+ 48.Kf1 Nf6 49.h4 Rxd5 50.h5 Rd1+ 51.Kg2 Rd4 52.Qg6+ Kh8 53.
Kh3 Rd3+ 54.Kh2 Rd2+ 55.Kh3 Rd3+ 56.Kg2 Rd2+ 57.Kh3 Rd3+ 1/2-1/2

[Event "2nd VAM op"]
[Site "Hoogeveen NED"]
[Date "1998.10.24"]
[Round "9.16"]
[White "Van Beek, Lucien"]
[Black "Wunnink, Michael"]
[Result "1/2-1/2"]
[WhiteElo "2315"]
[BlackElo "2105"]
[EventDate "1998.10.16"]
[PlyCount "29"]

1.e4 c5 2.Nf3 Nc6 3.d3 g6 4.g3 Bg7 5.Bg2 d6 6.O-O e5 7.Nc3 Nge7 8.Nh4 O-O 
9.f4 exf4 10.gxf4 f5 11.Be3 Nd4 12.Nf3 Kh8 13.Qd2 Rb8 14.Rab1 Be6 15.Qf2 
1/2-1/2

[Event "2nd VAM op"]
[Site "Hoogeveen NED"]
[Date "1998.10.24"]
[Round "9.19"]
[White "Ligterink, Gert"]
[Black "Jonkman, Harmen"]
[Result "1/2-1/2"]
[WhiteElo "2425"]
[BlackElo "2310"]
[EventDate "1998.10.16"]
[PlyCount "45"]

1.c4 e6 2.g3 d5 3.Nf3 Nf6 4.Bg2 Be7 5.O-O O-O 6.d4 c6 7.Qc2 b6 8.b3 Nbd7 
9.Bb2 Bb7 10.Nc3 Ba6 11.Rfd1 Qc8 12.Rac1 b5 13.Ne5 Rd8 14.cxd5 cxd5 15.Qd2
Qb7 16.Nc6 Re8 17.Nxe7+ Rxe7 18.a3 Qb6 19.e4 dxe4 20.Nxe4 Bb7 21.d5 exd5 
22.Nxf6+ Nxf6 23.Bd4 1/2-1/2

[Event "2nd VAM op"]
[Site "Hoogeveen NED"]
[Date "1998.10.24"]
[Round "9.20"]
[White "Sherzer, Alex"]
[Black "Van der Weide, Karel"]
[Result "1/2-1/2"]
[WhiteElo "2470"]
[BlackElo "2490"]
[EventDate "1998.10.16"]
[PlyCount "121"]

1.e4 c5 2.Nf3 Nc6 3.d4 cxd4 4.Nxd4 g6 5.c4 Nf6 6.Nc3 d6 7.Be2 Nxd4 8.Qxd4 
Bg7 9.Bg5 O-O 10.Qd2 Be6 11.O-O Qa5 12.Rac1 a6 13.f3 Rfc8 14.b3 b5 15.Nd5 
Qxd2 16.Bxd2 Nxd5 17.cxd5 Bd4+ 18.Kh1 Bd7 19.Bd3 Bb2 20.Rxc8+ Rxc8 21.g4 
Bc3 22.Be3 b4 23.Kg2 a5 24.h3 Ra8 25.Kf2 a4 26.bxa4 Rxa4 27.Bc4 f5 28.Ke2 
Kf7 29.Kd3 Ra3 30.Ke2 Ra8 31.Rb1 Bc8 32.Rc1 Bd7 33.exf5 gxf5 34.Bd2 Bxd2 
35.Kxd2 Kf6 36.Rb1 Ra3 37.Ke2 Ra4 38.Bb3 Ra5 39.Kd3 Bb5+ 40.Kd4 Be2 41.Re1
Bxf3 42.Re6+ Kf7 43.gxf5 Ra6 44.Ke3 Bg2 45.Rh6 Kg7 46.Rh4 Bf1 47.Re4 Kf6 
48.h4 Rb6 49.Kf4 Bd3 50.Re6+ Kf7 51.Kg5 Ra6 52.Rh6 Kg7 53.Re6 Kf7 54.h5 
Bb1 55.Re2 Ra8 56.Kf4 Rg8 57.Re1 Bd3 58.Re3 Bb1 59.Re1 Bd3 60.Re3 Bb1 61.
Re1 1/2-1/2